00315nam a2200097Ia 4500008004100000020001500041100002100056245007700077260004900154300001400203180219s9999 xx 000 0 und d a9710848844 aAgapay, Ramon B. aEthics and the Filipino :bA manual on morals for students and educators aMandaluyong City :bCacho Hermanos Incc1991 a234 pages